LEADER 01185nam 2200373 450 001 990000940320203316 010 $a88-14-06106-8 035 $a0094032 035 $aUSA010094032 035 $a(ALEPH)000094032USA01 035 $a0094032 100 $a20020204d1996----km-y0itay0103----ba 101 $aita 102 $aIT 105 $a||||||||001yy 200 1 $aProfili dell'atto solutorio non dovuto$fAntonio Spadafora 210 $aMilano$cA. Giuffré$d1996 215 $aIX, 198 p.$d24 cm 225 2 $aStudi di diritto civile$fUniversità di Roma, Facoltà di Giurisprudenza$v42 410 $12001$aStudi di diritto civile$fUniversità di Roma, Facoltà di Giurisprudenza$v42 461 1$1001-------$12001 606 0 $aRipetizione di indebito 676 $a346.45077 700 1$aSPADOFORA,$bAntonio$0552290 801 0$aIT$bsalbc$gISBD 912 $a990000940320203316 951 $aX 20 XIII 42$b11763 G$cX 20 XIII 959 $aBK 969 $aGIU 979 $aPATTY$b90$c20020204$lUSA01$h1104 979 $c20020403$lUSA01$h1737 979 $aPATRY$b90$c20040406$lUSA01$h1705 996 $aProfili dell'atto solutorio non dovuto$9973606 997 $aUNISA LEADER 03251nam 2200517 450 001 996466397403316 005 20230421105433.0 010 $a981-16-0622-6 024 7 $a10.1007/978-981-16-0622-9 035 $a(CKB)4100000011918699 035 $a(DE-He213)978-981-16-0622-9 035 $a(MiAaPQ)EBC6607506 035 $a(Au-PeEL)EBL6607506 035 $a(OCoLC)1250347879 035 $a(PPN)255887485 035 $a(EXLCZ)994100000011918699 100 $a20220119d2021 uy 0 101 0 $aeng 135 $aurnn#008mamaa 181 $ctxt$2rdacontent 182 $cc$2rdamedia 183 $acr$2rdacarrier 200 10$aAdvanced sampling methods /$fRaosaheb Latpate [and three others] 205 $a1st ed. 2021. 210 1$aSingapore :$cSpringer,$d[2021] 210 4$d©2021 215 $a1 online resource (XVII, 301 p. 23 illus., 13 illus. in color.) 311 $a981-16-0621-8 327 $a-1. Introduction -- 2. Simple Random Sampling -- 3. Stratied Random Sampling -- 4. Cluster Sampling -- 5. Double Sampling -- 6. Probability Proportional to Size Sampling -- 7. Systematic Sampling -- 8. Resampling Techniques -- 9. Adaptive Cluster Sampling -- 10. Two-Stage Adaptive Cluster Sampling -- 11. Adaptive Cluster Double Sampling -- 12. Inverse Adaptive Cluster Sampling -- 13. Two Stage Inverse Adaptive Cluster Sampling -- 14. Stratified Inverse Adaptive Cluster Sampling -- 15. Negative Adaptive Cluster Sampling -- 16. Negative Adaptive Cluster Double Sampling -- 17. Two- Stage Negative Adaptive Cluster Sampling -- 18. Balanced and Unbalanced Ranked Set Sampling -- 19. Ranked Set Sampling in Other Parameter Estimation and Non-Parametric Inference -- 20. Important Versions of Ranked Set Sampling -- 21. Sampling Errors. 330 $aThis book discusses all major topics on survey sampling and estimation. It covers traditional as well as advanced sampling methods related to the spatial populations. The book presents real-world applications of major sampling methods and illustrates them with the R software. As a large sample size is not cost-efficient, this book introduces a new method by using the domain knowledge of the negative correlation between the variable of interest and the auxiliary variable in order to control the size of a sample. In addition, the book focuses on adaptive cluster sampling, rank-set sampling and their applications in real life. Advance methods discussed in the book have tremendous applications in ecology, environmental science, health science, forestry, bio-sciences, and humanities. This book is targeted as a text for undergraduate and graduate students of statistics, as well as researchers in various disciplines. 606 $aSampling (Statistics) 606 $aR (Computer program language) 606 $aMostreig (Estadística)$2thub 608 $aLlibres electrònics$2thub 615 0$aSampling (Statistics) 615 0$aR (Computer program language) 615 7$aMostreig (Estadística) 676 $a519.52 700 $aLatpate$b Raosaheb$0917590 801 0$bMiAaPQ 801 1$bMiAaPQ 801 2$bMiAaPQ 906 $aBOOK 912 $a996466397403316 996 $aAdvanced Sampling Methods$92057262 997 $aUNISA LEADER 01147nam0 22002891i 450 001 UON00418464 005 20231205104812.52 100 $a20130218d2010 |0itac50 ba 101 $aita 102 $aHR 105 $a|||| 1|||| 200 1 $aˆL'‰Italiano L2$eindagini sulla motivazione$fRita Scotti Juric$gNeala Ambrosi-Randic 210 $aPola$cPietas Iulia$d2010 215 $a275 p.$d25 cm. 606 $aInsegnamento$xMetodo$3UONC070922$2FI 606 $aLINGUISTICA ITALIANA$xAspetti sociali$3UONC077094$2FI 620 $dPola (Croazia)$3UONL004842 676 $a372.6043$cInsegnamento elementare. Lingua e letteratura . Programmi$v22 700 1$aSCOTTI JURIC$bRita$3UONV213574$0475443 701 1$aAMBROSI-RADIC$bNeala$3UONV213575$0709956 712 $aPietas Iulia$3UONV278054$4650 801 $aIT$bSOL$c20250704$gRICA 899 $aSIBA - SISTEMA BIBLIOTECARIO DI ATENEO$2UONSI 912 $aUON00418464 950 $aSIBA - SISTEMA BIBLIOTECARIO DI ATENEO$dSI 36 BIS 0060 $eSI 6287 5 0060 $sBuono 996 $aItaliano L2$91340444 997 $aUNIOR